| 000 | 00680nam a2200193 a 4500 | ||
|---|---|---|---|
| 001 | 000015657 | ||
| 005 | 20250715131054.0 | ||
| 008 | 100217s1997 dr a 000 0 spa d | ||
| 040 |
_aDO-SdBNP _bspa _cBNPHU |
||
| 082 |
_a370.11 _bA372h |
||
| 100 | 1 |
_aAleth, Kirsten _917519 |
|
| 245 | 1 | 0 |
_aHerramientas para la educación ambiental : _bmanual de apoyo para la capacitación / _cKirsten Aleth. |
| 260 |
_aSanto Domingo : _bCEDECO, _c1997. _fBúho |
||
| 300 |
_a99 p. : _bil. ; _c27 cm. |
||
| 504 | _aIncluye bibliografía (p. 98- 99) | ||
| 650 | 0 |
_aEducación ambiental _93422 |
|
| 710 | 1 |
_aCentro Dominicano De educación Ecológica (República Dominicana) _917520 |
|
| 049 | _aBNPD | ||
| 999 |
_c15209 _d15209 |
||